Statistiques concernant Gares les plus fréquentées en Provence Alpes Côte d'Azur

Cliquez ici pour prendre le quiz!

Statistiques générales

  • Ce quiz a été pris 415 fois
    (306 depuis la dernière actualisation)
  • Le résultat moyen est 18 sur 33

Statistiques - réponses

Voyageurs (2017)Gare% Correct
16,546,000Marseille Saint-Charles
99%
11,514,000Nice-Ville
99%
5,012,000Toulon
96%
4,096,000Avignon-Centre
93%
4,858,000Cannes
91%
2,619,000Aix-en-Provence
87%
3,242,000Antibes
84%
918,000Arles
84%
2,327,000Menton
84%
725,000Hyères
78%
1,351,000Les Arcs Draguignan
72%
1,524,000Saint-Raphaël Valescure
71%
784,000Orange
63%
1,436,000Aubagne
60%
3,466,000Avignon TGV
59%
754,000La Ciotat
58%
3,621,000Aix-en-Provence TGV
53%
1,839,000Cagnes-sur-Mer
52%
730,000Vitrolles Aéroport Marseille Provence
46%
817,000Carpentras
45%
895,000Miramas
42%
501,000Cavaillon
36%
518,000Marseille Blancarde
34%
970,000Saint-Laurent-du-Var
28%
2,981,000Nice Riquier
25%
2,218,000Nice Saint-Augustin
25%
544,000Villefranche-sur-Mer
25%
919,000Juan-les-Pins
24%
1,063,000Gardanne
21%
527,000Cannes La Bocca
19%
500,000Golfe-Juan Vallauris
17%
601,000Beaulieu-sur-Mer
15%
535,000Saint-Cyr Les Lecques - La Cadière
14%

Distribution des résultats

Percentile par nombre de réponses

% des personnes avec chaque résultat

Votre développement - résultats

Vous n’avez pas pris ce quiz depuis la dernière actualisation